Normal view
MARC view
- الفن-الفن التشكيلي-دراسات في الفن التشكيلي الأردني المعاصر
Entry Topical Term
001 - CONTROL NUMBER
- control field: 50402
003 - CONTROL NUMBER IDENTIFIER
- control field: JO-AjAnu
005 - DATE AND TIME OF LATEST TRANSACTION
- control field: 20230606082311.0
008 - FIXED-LENGTH DATA ELEMENTS
- fixed length control field: 230606|| aca||aabn | a|a d
040 ## - CATALOGING SOURCE
- Original cataloging agency: JO-AjAnu
- Transcribing agency: JO-AjAnu
150 ## - HEADING--TOPICAL TERM
- Topical term or geographic name entry element: الفن-الفن التشكيلي-دراسات في الفن التشكيلي الأردني المعاصر
670 ## - SOURCE DATA FOUND
- Source citation: Work cat.: (JO-AjAnu)25768: تأليف أبو زريق، محمد , author 50401, دراسات في الفن التشكيلي الاردني المعاصر